000 00921nam a22002657a 4500
999 _c19470
_d19470
003 AR-CdUCM
008 190517b ||||| |||| 00| 0 spa d
040 _aMUNICIPALIDAD PROVINCIAL DEL CUSCO
_cBIBLIOTECA MUNICIPAL DEL CUSCO
041 _heng.
082 _a373.35 /
_bN79
100 _aNolen, Barbara
_940813
245 _aProntuario del escritor de materias educativas /
260 _aMéxico :
_bPax,
_c1961.
300 _a210 paginas ;
_c23 cm.
505 _aContenido :Planeación general -- Aspectos importantes en la publicación de libros de texto --Aprovechamiento maximo de las posibilidades de impresión ...
650 _aEscritores
_92284
650 _aManuales
_95970
650 _aCompendios
_918343
650 _aEstudio
_94228
650 _aEnseñanza
_91616
650 _aEducación
_9460
700 _aCarlos Gerhard (traductor)
_940814
942 _2ddc
_cLIBROS
945 _arjall
_d2019-05-17